[Event "ISR-ch"]
[Site "Jerusalem"]
[Date "1996.??.??"]
[Round "6"]
[White "Yudasin, Leonid"]
[Black "Finkel, Alexander"]
[Result "1-0"]
[WhiteElo "2595"]
[BlackElo "2505"]
[Annotator "Hansen,Cu"]
[PlyCount "81"]
[EventDate "1996.10.26"]
[EventType "swiss"]
[EventRounds "9"]
[EventCountry "ISR"]
[SourceTitle "CBM 056"]
[Source "ChessBase"]
[SourceDate "1997.02.01"]
[SourceVersion "1"]
[SourceVersionDate "1997.02.01"]
[SourceQuality "1"]

1. e4 {Psakhis} g6 2. d4 Bg7 3. Nf3 d6 4. c3 Nf6 5. Bd3 O-O 6. O-O Nc6 7. Re1
e5 8. h3 Re8 (8... Nh5 {Psakhis} 9. Be3 Bd7 10. Nbd2 Kh8 $13) 9. d5 (9. Na3 {
Psakhis} h6 10. Nc2 Bd7 11. Bd2 a5 12. b3 Nh5 $15 {Rublevsky,S-Krasenkow,M/
Polanica Zdroj/1996/0,5/29/}) 9... Nb8 (9... Ne7 10. c4 Nd7 11. Nc3 a5 12. a3 (
12. Bc2 {Psakhis} h6 13. Bd2 Rf8 14. Qc1 Kh7 15. g4 Nc5 16. Be3 $14 {Lerner,
K-Azmayparashvili,Z/Moscow(URS-ch)/1983/0,5/62/}) 12... f5 13. Bd2 Nc5 14. Bc2
$14 {Chernin,A-Azmayparashvili,Z/Tilburg 61/108 1994 (26)}) 10. c4 {[%cal
Yb2b4,Yc4c5,Yf6h5,Yh5f4] The game has reached a Kings-indian type of position.
The question is who has made the most consessions. Black by wasting time with
Rf8-e8 - in the Kings-indian f7-f5 is almost obligatory and so the R should be
on f8 - or white by weakening his kingside with h2-h3. The little pawn move
makes it a lot more difficult to drive a black N away from f4 with g2-g3 and
also means that the solid f2-f3 - after f7-f5 - is not quite so solid any more
because g3 will be seriosly weak.} a5 {[%csl Gb4]} 11. Nc3 Na6 {[%csl Gb4,Gc5]
[%cal Ya6b4,Ya6c5]} 12. a3 {[%csl Gb4]} Nh5 {[%cal Yh5f4]} (12... Bd7 {Psakhis}
13. Rb1 Nh5 14. b4 axb4 15. axb4 Nf4 16. Bf1 h6 17. Be3 Bf8 18. Kh2 g5 19. g3
Ng6 20. Nd2 $14 {Stevic,H-Lau,R/Wien op-1/1996/0:1/58/}) (12... c5 $5 {Psakhis}
) 13. b4 $1 {It now becomes clear that white is well on the way to get a
serious initiative on the queenside while black only attacks with one piece on
the kings-side. That is seldom enough in a closed position.} Nf4 14. Bc2 $1 {
Again a good move. In principal whites white-squared bishop is his "bad
bishop" as his center-pawns are on white squares. Therefore he should look out
for possibilites to get this bishop outside his pawn-chain. For example via a4.
The manouvre Lc2-a4 is especially known from the Samisch-variation in the
Kings-indian but is also a very harmonic setup here. 14. Bf1 would be more
solid than needed - if black starts to move on the kingside - with f7-f5 -
then Bc2 kontrols the important e4-square and white can and most do without
f2-f3.} (14. Bf1 {Psakhis} f5 15. c5) 14... Bd7 15. Rb1 Qc8 {[%cal Yd7h3]} (
15... axb4 {Psakhis} 16. axb4 Qf6 17. Be3 h6 18. c5 $36) 16. Ne2 $1 {Exchanges
blacks only active piece.} Nxe2+ (16... Nxg2 $6 {Psakhis} 17. Kxg2 Bxh3+ 18.
Kh2 axb4 19. axb4 Bg4 20. Nc3 $16) 17. Rxe2 axb4 18. axb4 {[%csl Ra6][%cal
Yc1e3,Yc4c5]} Bf8 {A sad move to do, but the kingsindian bishop cannot be used
actively in this position.} (18... b5 $5 {Psakhis} 19. Bd3 (19. cxb5 Bxb5 20.
Bd3 Qb7) 19... bxc4 20. Bxc4 Qb7 21. Ba3 Bb5) 19. Be3 c5 {Black is trying to
get more space on the queenside, but opening the position is always to the
benefit of the player with the best placed pieces.} (19... b5 $5 {Psakhis}) 20.
dxc6 (20. bxc5 {Psakhis} Nxc5 21. Bxc5 Qxc5 22. Rxb7 Bc8 $1 $10) 20... bxc6 21.
b5 $1 cxb5 22. cxb5 Nc5 {[%csl Rd5,Rd6] With his 21st move white achieved two
things. A passed pawn in the b-line and created serious weaknesses in the
d-line.} 23. Bxc5 dxc5 (23... Qxc5 $5 {Psakhis} 24. Bb3 $36) 24. Rd2 Be6 25. b6
{[%cal Rb6b7,Rb7a8,Rb7c8]} (25. Nxe5 $6 {Psakhis} Ba2 $1 26. Nd7 Bxb1 27. Nf6+
Kh8) 25... Qb7 (25... Re7 {Psakhis} 26. Nxe5 $1 Ba2 27. Rb2 Bg7 $140 $2 28.
Rxa2 Rxa2 29. Rd8+ $18) 26. Ba4 (26. Nxe5 $5 {Psakhis} Ba2 27. Rd7 Qa6 28. Ra1
Qxb6 (28... Rxe5 29. Bb1 $1 Qxb6 30. Bxa2 $16) 29. Nxf7 Bxf7 30. Rxa8 Rxa8 31.
Rxf7 Kxf7 32. Qd5+ Kg7 33. Qxa8 $16) 26... Reb8 27. Ng5 {The final strategical
breakthrough. White will get control either of the square d7 or the diagonal
a2-g8.} (27. Bd7 {Psakhis} Bxd7 (27... Qxe4 28. Ng5) 28. Rxd7 Qxe4 29. Rxf7 $1
Rd8 30. Qf1 $16) 27... Bh6 28. Nxe6 Bxd2 29. Nxc5 Qc8 30. Nd7 Ba5 (30... Rb7 {
Psakhis} 31. Nf6+ Kf8 (31... Kh8 32. Qxd2 Qe6 33. Nd7 Rxa4 34. Qh6 f6 35. Nc5
Qa2 36. Qf8+ $18) (31... Kg7 32. Ne8+ Kh8 33. Nd6 Qb8 34. Nxb7 Qxb7 35. Qxd2
Rxa4 36. Qd5 $18) 32. Qxd2 Rxa4 33. Rc1 $1 Qa8 (33... Qb8 34. Nd7+ (34. Rc7 $1
Rxc7 $140 35. bxc7 Qxc7 36. Qh6+ Ke7 37. Nd5+) 34... Rxd7 35. Qxd7 Rd4 36. Rc8+
Kg7 37. Qxd4 Qxc8 38. Qxe5+ $18) 34. Qh6+ (34. Rc7 $5) 34... Ke7 35. Nd5+ Kd6
36. Qe3 $1 Rd4 37. Qc3 $18) 31. Qd6 Rb7 32. Bc6 (32. Nf6+ $1 {Psakhis} Kg7 (
32... Kh8 33. Ne8) 33. Ne8+ $1 Kg8 (33... Kh6 34. Qf8+ Kg5 35. h4+ Kf4 36. Qh6+
Kxe4 37. Qe3+ Kf5 38. Qh3+ Ke4 39. Nf6+ Kd4 40. Qe3+ Kc4 41. Bb5#) 34. Qf6 Qxe8
(34... Kf8 35. Nd6) 35. Bxe8 Rxe8 36. Rb5 Bd2 37. Rc5 $18) 32... Rxd7 33. Qxd7
(33. Bxd7 {Psakhis} Qc2) 33... Qxd7 34. Bxd7 Kf8 35. b7 Rb8 36. Bc8 {[%csl Rb8]
} Ke7 37. Rd1 Bb6 38. Rd7+ Ke8 39. Kf1 h5 40. Ke2 Ba7 41. f3 1-0

[Event "Moscow Petrosian Memorial"]
[Site "Moscow"]
[Date "1995.??.??"]
[Round "2"]
[White "Smagin, Sergey"]
[Black "Ivanov, Victor L"]
[Result "1-0"]
[WhiteElo "2540"]
[BlackElo "2460"]
[Annotator "Hansen,Cu"]
[PlyCount "67"]
[EventDate "1995.??.??"]
[EventType "tourn"]
[EventRounds "11"]
[EventCountry "RUS"]
[EventCategory "10"]
[SourceTitle "CBM 046"]
[Source "ChessBase"]
[SourceDate "1995.06.01"]
[SourceVersion "1"]
[SourceVersionDate "1995.06.01"]
[SourceQuality "1"]

1. e4 d6 2. d4 Nf6 3. Bd3 e5 4. c3 d5 (4... Nc6 5. Nf3 g6 6. O-O Bg7 7. h3 O-O
8. Re1 a6 (8... h6 9. Na3 $5 Nh5 10. Be3 a6 11. Kh2 Qf6 12. Bf1 $1 exd4 $6 (
12... Bd7 $142) 13. cxd4 {Smirin,I-Bologan,V/EU-chT Debrecen (04) ISl-MOL ;
EU-chT 1992/1-0 (60)}) 9. Bc2 {Ivanchuk,V-Bologan,V/EU-chT Debrecen (03)
UKR-MOL ;EU-chT 1992/1-0 (33)}) 5. dxe5 Nxe4 6. Nd2 (6. Nf3 Nc5 {N} 7. Bc2 Bg4
8. O-O Be7 9. Re1 Nc6 10. Nbd2 Qd7 11. Nf1 d4 12. b4 Ne6 13. b5 Ncd8 14. Bb2
dxc3 15. Qxd7+ Kxd7 16. Bxc3 Bxf3 17. gxf3 a6 18. bxa6 Rxa6 19. Ne3 Bc5 $13 {
Smirin,I-Dorfman,I/Tilburg 59/(133) 1993}) 6... Nc6 (6... Nc5 7. Bc2 Qg5 $6 {N}
8. Ne4 $1 Qxe5 9. Nf3 Qe7 10. Qxd5 c6 11. Qxc5 Qxc5 12. Nxc5 Bxc5 13. O-O O-O
14. Re1 Nd7 15. Bg5 Nf6 $14 {~/= Poluljahov,A-Agrest,E/Russia 56/(129) 1992})
7. Ngf3 Nc5 (7... Bg4 8. O-O Nc5 9. Bb5 Be7 10. h3 Bh5 11. b4 Ne6 12. Qa4 Qd7
13. Nd4 Nexd4 14. cxd4 O-O 15. Nb3 Qe6 16. Bxc6 bxc6 17. Na5 Be2 18. Re1 Bb5
19. Qb3 f6 20. Bd2 fxe5 21. Rxe5 Qf7 22. Be3 Bd6 {1/2-1/2 Typek,K-Robak,Z/
POL-chT Lubniewice (06) 1994}) (7... Ng5 8. Bb5 Bd7 9. Qe2 a6 10. Bxc6 Bxc6 11.
Nd4 Bd7 12. O-O Ne6 13. a4 c5 14. Nxe6 Bxe6 15. f4 Qd7 16. c4 Bf5 17. Ra3 d4
18. Ne4 h5 19. Ng3 Bg4 20. Qe4 Qc6 21. Qxc6+ bxc6 22. f5 h4 23. h3 Bxh3 24.
gxh3 hxg3 25. Rxg3 Rb8 26. b3 $14 {Smirin,I-Chernin,A/Gronningen PCA/1993/}) 8.
Bb1 (8. Nb3 Nxd3+ (8... Bg4 9. O-O Qd7 10. Re1 O-O-O 11. Nxc5 Bxc5 12. b4 Bb6
13. a4 a5 14. b5 Ne7 15. Be3 Bxe3 16. Rxe3 Kb8 17. Qe1 Bxf3 18. Rxf3 Ng6 19.
Rd1 Qe6 20. Re3 Rhe8 21. Bxg6 hxg6 22. h3 g5 23. Rd4 Qf5 24. Kh2 {1/2-1/2
Yusupov,A-Adams,M/Hastings-A2 1989}) 9. Qxd3 Be7 10. O-O O-O 11. Nbd4 Nxd4 12.
cxd4 b6 13. Rd1 Be6 14. b3 c5 $10 {Landa,K-Onoprienko,V/Brno op/1994/}) (8. Be2
d4 9. cxd4 Nxd4 10. Nxd4 Qxd4 11. O-O Bf5 12. Nf3 Qxd1 13. Rxd1 Ne6 14. Be3 Be7
15. Ne1 h5 16. Rac1 c6 17. Rc3 Nc7 18. Rb3 Bc8 19. Bf3 g6 20. Nd3 Ne6 21. Nb4
O-O 22. Nxc6 bxc6 23. Bxc6 Ba6 24. Bxa8 Rxa8 25. Rd7 Bc5 26. Rc3 {1/2-1/2
Popovic,P-Chernin,A/Moscow olm (10) YUG-HUN ;CBM 45 1994}) (8. Bc2 Bg4 9. O-O
Be7 10. Qe1 O-O 11. Nd4 f6 12. h3 Bd7 13. Nxc6 Bxc6 14. b4 Ne4 15. Nxe4 dxe4
16. Qe2 f5 17. b5 Be8 18. Bb3+ Kh8 19. Rd1 Qc8 20. e6 a6 21. bxa6 Rxa6 $13 {
Adams,M-Beaumont,C/British ch./1988/}) (8. Bb5 Bd7 9. Qe2 Ne6 $6 10. Nb3 Be7
11. Be3 a6 12. Bd3 Ng5 13. Nxg5 Bxg5 14. f4 Bh4+ 15. g3 Be7 16. O-O-O $16 {
Fedorov,A-Gubanov,A/St.Petersburg op/1994/}) 8... g6 $2 (8... Bg4 9. O-O Be7 {
->-> 8.Bc2}) 9. O-O Bg7 10. Nb3 $1 Nxb3 11. Bg5 $1 (11. axb3 Bg4 $10) 11... Qd7
12. axb3 O-O 13. Re1 $14 Re8 14. Bf4 Qg4 $6 (14... b6 $8) 15. Bg3 Qh5 (15...
Be6 $2 16. Ra4 $1 $16) 16. Qxd5 Be6 17. Qb5 $16 Rab8 18. Be4 a6 19. Qd3 (19.
Qe2 $6 Bxb3 $14) 19... Rbd8 (19... Bxb3 20. c4 $18 {ץb3}) 20. Qc2 {><b3} Bd5 (
20... Bg4 21. h3 $16) 21. Bxd5 Rxd5 22. e6 $8 fxe6 23. Bxc7 $18 g5 24. h3 Qf7
25. Bg3 h6 26. Ra4 Red8 27. Rae4 Qf5 28. Qe2 Rd1 29. Rxe6 Qb1 30. Re8+ Rxe8 31.
Qxe8+ Bf8 32. Qe6+ Kh8 33. Rxd1 Qxd1+ 34. Kh2 1-0

[Event "Groningen"]
[Site "Groningen"]
[Date "1991.??.??"]
[Round "6"]
[White "Schmittdiel, Eckhard"]
[Black "Christiansen, Larry Mark"]
[Result "0-1"]
[WhiteElo "2490"]
[BlackElo "2600"]
[Annotator "Hansen,Cu"]
[PlyCount "52"]
[EventDate "1991.12.??"]
[EventType "tourn"]
[EventRounds "9"]
[EventCountry "NED"]
[EventCategory "13"]
[SourceTitle "CBM 027"]
[Source "ChessBase"]
[SourceDate "1992.04.01"]
[SourceVersion "1"]
[SourceVersionDate "1992.04.01"]
[SourceQuality "1"]

1. e4 g6 2. d4 Bg7 3. f4 d6 4. Nf3 Nf6 5. Bd3 c5 6. e5 (6. dxc5 Qa5+ 7. c3 Qxc5
8. Qe2 O-O 9. Be3 Qc7 10. Nbd2 Nbd7 11. Nb3 b6 $10 {Skrobek-Vogt 1976}) (6. c3
cxd4 7. cxd4 O-O 8. Nc3 Nc6 9. O-O Bg4 10. Be3 Bxf3 11. Qxf3 e5 $10 {
Kjellander-O'Kelly corr-3 WCH 1959}) 6... Nd5 7. c3 cxd4 8. cxd4 Nc6 $10 9. Nc3
(9. O-O $5) 9... dxe5 10. fxe5 (10. dxe5 Nxc3 11. bxc3 {><c3}) 10... Bg4 11.
Be4 Nb6 $15 {><d4,><d5} 12. Be3 O-O 13. O-O Qd7 14. Qd3 Rad8 {/\15...Bxf3 16.
Rxf3 Nxe5} 15. Rad1 f6 16. exf6 exf6 {/\f5} 17. d5 Nb4 18. Qd4 (18. Qb1 f5 $17)
18... Nxa2 $1 19. Nxa2 f5 $17 20. Qb4 fxe4 21. Bxb6 axb6 22. Qxe4 Rde8 23. Qc2
Re3 24. Qd2 Bxf3 25. Qxe3 Bxd1 26. Rxd1 Qa4 {Hansen,C} 0-1

[Event "Taastrup"]
[Site "Taastrup"]
[Date "1992.??.??"]
[Round "?"]
[White "Romanishin, Oleg M"]
[Black "Van Wely, Loek"]
[Result "1-0"]
[WhiteElo "2595"]
[BlackElo "2560"]
[Annotator "Hansen,Cu"]
[PlyCount "121"]
[EventDate "1992.02.??"]
[EventType "tourn"]
[EventRounds "9"]
[EventCountry "DEN"]
[EventCategory "13"]
[SourceTitle "CBM 028"]
[Source "ChessBase"]
[SourceDate "1992.06.01"]
[SourceVersion "1"]
[SourceVersionDate "1992.06.01"]
[SourceQuality "1"]

1. d4 Nf6 2. Nf3 g6 3. g3 Bg7 4. Bg2 O-O 5. O-O d6 6. Nc3 Nbd7 7. e4 e5 8. a4
a5 9. h3 b6 (9... Re8 10. Re1 exd4 11. Nxd4 Nc5 12. Bf4 Nh5 13. Be3 Nf6 14. Bf4
Nh5 15. Be3 Nf6 16. f3 $13 {Romanischin-Knaak 1991}) (9... c6 10. Be3 (10. Re1
Qc7 11. Bg5 h6 12. Be3 Re8 13. Qd2 Kh7 14. Rad1 $14 {Pollak-Platzak 1967})
10... Re8 11. Re1 (11. dxe5 dxe5 12. Qe2 b6 13. Rfd1 Ba6 14. Qe1 Bf8 $10 {
Sosonko-Klarenbeek NL (ch) 1992}) 11... exd4 12. Bxd4 (12. Nxd4 Nc5 13. f3 Nfd7
14. Bf2 Qb6 15. b3 $14 {Romanischin-Akopian 1989}) 12... Qc7 13. Nd2 b6 $13 {
Landa-Akopian 1989}) 10. Re1 {N} (10. dxe5 dxe5 11. b3 Bb7 12. Nd2 Re8 13. Nc4
Nc5 $10 {Rashkovsky-Frolov 1991}) 10... Bb7 11. d5 $14 {ץb7} Nc5 12. Nh2 Ne8 (
12... Nfd7 $5 13. f4 f5 $13) 13. f4 f5 14. exf5 gxf5 15. Nf3 e4 $8 16. Nd4 Qf6
17. Ndb5 Qg6 18. g4 $1 fxg4 19. hxg4 Nf6 20. g5 Nh5 21. Qg4 $16 {><e4} Rf7 22.
Be3 Raf8 23. Rf1 h6 24. Rae1 Ba6 25. Bxc5 Rxf4 (25... bxc5 26. Bxe4 $18) 26.
Rxf4 Rxf4 27. Qe6+ Qxe6 28. dxe6 bxc5 29. e7 Bxb5 30. Nxb5 Kf7 31. Bxe4 $18
Rg4+ 32. Kf2 Be5 33. Bg6+ Kxe7 34. Bxh5 Rxg5 35. Bf3 Kd7 36. Rh1 h5 37. Rxh5
Rxh5 38. Bxh5 Bxb2 39. Bg4+ Kc6 40. c4 Kb6 41. Ke3 Be5 42. Na3 c6 43. Ke4 Kc7
44. Nc2 Kd8 45. Kf5 Ke7 46. Bf3 Kd7 47. Ne1 Bc3 48. Nd3 Bd4 49. Bg2 Bc3 50. Kg6
Bd4 51. Kf7 d5 52. cxd5 c4 53. dxc6+ Kd6 54. Ne1 c3 55. Nc2 Bb6 56. Kf6 Kc5 57.
Ke6 Kc4 58. Be4 Kb3 59. Kd5 Bd8 60. Kc5 Kb2 61. Kb5 {Hansen,C} 1-0

[Event "Vejle"]
[Site "Vejle"]
[Date "1994.??.??"]
[Round "?"]
[White "Hansen, Lars Bo"]
[Black "Mortensen, Erling"]
[Result "1-0"]
[WhiteElo "2545"]
[BlackElo "2470"]
[Annotator "Hansen,LB"]
[PlyCount "77"]
[EventDate "1994.02.??"]
[EventType "tourn"]
[EventRounds "9"]
[EventCountry "DEN"]
[EventCategory "10"]
[SourceTitle "CBM 040"]
[Source "ChessBase"]
[SourceDate "1994.06.01"]
[SourceVersion "1"]
[SourceVersionDate "1994.06.01"]
[SourceQuality "1"]

1. e4 {Blatny,P} c5 2. c3 d6 3. d4 Nf6 4. Bd3 Nc6 $5 (4... g6 5. Nf3 (5. h3 Bg7
6. Nf3 O-O 7. O-O Qc7 8. Qe2 a6 9. Bf4 b5 10. e5 Nd5 11. Bg3 Qb6 12. Nbd2 cxd4
13. cxd4 Nb4 14. Be4 d5 15. Bb1 a5 16. Nb3 a4 17. Nc5 N8c6 18. Qe3 Na5 19. Bf4
Nc4 20. Qc3 Nc6 21. a3 f6 22. exf6 Rxf6 23. Bg5 Rf7 24. Be3 Rxf3 $1 25. gxf3 e5
26. dxe5 Bxe5 $17 {Ljubojevic,L-Polgar,J/Monaco Amber blind/1994/}) 5... Bg7 6.
O-O O-O 7. h3 Qc7 8. Re1 Rd8 9. Qe2 a6 10. Bf4 b5 11. e5 Nd5 12. exd6 exd6 13.
Bg5 Rf8 14. Be4 Bb7 15. dxc5 dxc5 16. Qd2 Nb6 17. Bxb7 Qxb7 $13 {Karpov,
A-Polgar,J/Monaco Amber rapid/1994/}) (4... cxd4 5. cxd4 g6 6. Nc3 Bg7 7. h3
O-O 8. Nf3 e5 9. dxe5 dxe5 10. O-O Nc6 11. Be3 Be6 12. Bb5 Na5 13. Qe2 a6 14.
Bd3 Nc6 15. Rfd1 Qc8 16. Rac1 Rd8 17. Na4 Nd7 18. Bc4 Bxc4 19. Qxc4 $16 {
Adams,M-Gelfand,B/Wijk ct-m-7/1994/}) 5. Nf3 (5. Ne2) (5. d5 $5 Ne5 6. Bc2 $13)
5... Bg4 $5 6. d5 Bxf3 (6... Ne5 {Blatny,P} 7. Nxe5 dxe5 (7... Bxd1 8. Bb5+ Nd7
9. Bxd7+ (9. Nxd7 Qa5 10. Na3 a6 $19) 9... Qxd7 10. Nxd7 Bc2 (10... Kxd7 11.
Kxd1 $18) 11. Nxf8 Bxe4 12. Ne6 $18) 8. Qxg4 (8. f3 Bd7 9. Na3 e6 {->[+]}) 8...
Nxg4 9. Bb5+ Qd7 10. Bxd7+ Kxd7 11. f3 Nf6 $14 {_|_}) 7. gxf3 $6 (7. Qxf3 Ne5
8. Bb5+ (8. Qe2 $5) 8... Ned7 (8... Nfd7 {Blatny,P} 9. Qe2 a6 10. Ba4 b5 11.
Bc2 e6 12. f4 Nc4 {+/=/+/-}) 9. a4 g6 10. a5 a6 11. Ba4 Bg7 12. Nd2 O-O 13. Nc4
$14 {Schandorff,L-Mortensen,E/Aalborg DK-ch/1994/}) 7... Ne5 8. Bc2 (8. Be2 {
Blatny,P /^e2-b5,e2-g4}) 8... g6 (8... e6 {Blatny,P} 9. Ba4+ Nfd7 10. f4 Nc4
11. dxe6 fxe6 12. Qb3 d5 13. Qxb7 $40) 9. f4 Ned7 10. Be3 Bh6 $1 11. Nd2 Nh5 $1
$15 {>< f4} 12. Qf3 b5 13. Rg1 $6 (13. Nf1 $142 {/\Ng3}) (13. O-O {Blatny,P /
\Kh1 <->g}) 13... Nb6 14. Rd1 (14. O-O-O {Blatny,P <->1}) 14... Qc7 15. Nf1 Nc4
$6 (15... a5 $1 $17 {/\a4-a3 Mortensen}) 16. Bc1 Qa5 $2 (16... a5) 17. Bb3 Nb6
18. a3 $1 b4 19. axb4 cxb4 20. Bd2 $1 Qb5 $1 21. cxb4 Bg7 22. Ra1 $1 Bxb2 23.
Ra5 Qd7 $13 24. Qd3 $5 O-O (24... Bg7 $5) 25. Bd1 $1 Ng7 $8 (25... Nf6 $2 26.
Ra2 $18) 26. Ne3 f5 $2 $138 (26... Qc7 27. Ra2 $1 Bc1 28. Bc3 $1 Rfc8 29. Bd4
$14 {>< /^a1-h8}) (26... Rfc8 $5 {Blatny,P}) (26... Ne8 {Blatny,P /\Bg7+/-})
27. exf5 gxf5 (27... Nxf5 28. Bg4 $16) 28. Ra2 $1 Bf6 $8 29. Nxf5 $16 e5 (29...
Kh8 $2 30. Nxg7 Bxg7 31. Bc2 $18) 30. Nxg7 Bxg7 31. fxe5 (31. Bc2 {Blatny,P} e4
32. Qd4 Rac8 33. Bxe4 Rfe8 34. Be3 Rc4 35. Qxg7+ Qxg7 36. Rxg7+ Kxg7 37. Rxa7+
Kf6 38. Bf3 Rxb4 $132) 31... dxe5 32. Bh6 Rf7 33. Bg4 $18 Qd6 34. Be6 Kh8 35.
Bxf7 Bxh6 $6 (35... Qxh6 $142 $18) 36. Rxa7 $1 Qxb4+ 37. Kf1 Rf8 (37... Rxa7
38. Rg8#) 38. Qxh7+ $1 Kxh7 39. Bg8+ (39. Bg8+ Kh8 40. Rh7#) 1-0